Marxismo y filosofía del derecho /
Obra que analiza la filosofía y la teoría política y del derecho marxista con el fin de destacar los aportes que esta corriente de pensamiento ha realizado en la configuración de nuevas teorías en la ciencia del derecho, los derechos humanos y la filosofía del derecho.
Guardado en:
| Hovedforfatter: | |
|---|---|
| Andre forfattere: | |
| Format: | Bog |
| Sprog: | spansk |
| Udgivet: |
México :
Fontamara,
2004, c1993
|
| Serier: | (Biblioteca de Etica, Filosofía del Derecho y Política ;
23) |
| Fag: | |
| Tags: |
Ingen Tags, Vær først til at tagge denne postø!
|
MARC
| LEADER | 00000nam^a2200000^a^4500 | ||
|---|---|---|---|
| 001 | 000264463 | ||
| 005 | 20250521000000.0 | ||
| 009 | 20260310110647.398 | ||
| 020 | |a 968-476-185-6 | ||
| 037 | |a Acervo ITESO - Biblioteca | ||
| 041 | |a ESP | ||
| 082 | |a 340. 1 |b BIB V. 23 | ||
| 100 | |a Atienza, Manuel |e (autor) | ||
| 240 | 1 | 1 | |a [Biblioteca de ética, filosofía del derecho y política] |
| 245 | 1 | 0 | |a Marxismo y filosofía del derecho / |c M. Atienza, J. Ruiz Manero ; dir. de la serie de E. Garzón Valdés, R. Vázquez. |
| 264 | 4 | |a México : |b Fontamara, |c 2004, c1993 | |
| 300 | |a 192 p. | ||
| 336 | |a texto |b txt |2 rdacontenido | ||
| 337 | |a sin mediación |b n |2 rdamedio | ||
| 338 | |a volumen |b nc |2 rdasoporte | ||
| 440 | 1 | |a (Biblioteca de Etica, Filosofía del Derecho y Política ; |v 23) | |
| 520 | |a Obra que analiza la filosofía y la teoría política y del derecho marxista con el fin de destacar los aportes que esta corriente de pensamiento ha realizado en la configuración de nuevas teorías en la ciencia del derecho, los derechos humanos y la filosofía del derecho. | ||
| 649 | |a XX | ||
| 650 | |a Filósofos Alemanes | ||
| 650 | |a Economistas Alemanes | ||
| 650 | |a Politólogos Alemanes | ||
| 650 | |a Juristas Austríacos | ||
| 650 | |a Derechos Humanos | ||
| 650 | |a Filosofía Política | ||
| 650 | |a Marxismo - |x Historia y Crítica - |x Tema Principal | ||
| 650 | |a Filosofía del Siglo XX - |x Historia y Crítica | ||
| 650 | |a Derecho - |x Filosofía - |x Tema Principal | ||
| 650 | |a Marx, Karl | ||
| 650 | |a Kelsen, Hans | ||
| 700 | |a Ruiz Manero, Juan |e (autor) | ||
| 910 | |a Fondo General | ||
| 920 | |a Impresos - Libros | ||
| 930 | |a Colección General | ||
| 905 | |a 101 | ||
| 901 | |a 0500146736 |b IT1 |c ACC |u 20250521 | ||
| 902 | |a https://opac.biblio.iteso.mx/vufind/Record/000264463 | ||